00528nam a2200169Ia 450000500170000000800410001702000150005808200130007310000150008624500270010126000420012830000130017050000560018394200060023995200980024599900150034320250310015726.0240331s9999 xx 000 0 und d a9559617206 bDINa891 aDinpurna,B 0aKalu makarunge lookaya aColombobDyawansa Jayakody & coc1997 a138 p ., aStory of a underworld gang leader who has murdered. cL 001040708LaWERCLbWERCLcSSCd2024-03-31l0o 891.48 DINp2625r2024-03-31w2024-03-31yL c4845d4845